000 00285nam a2200121Ia 4500
008 191201s2012 xx 000 0 und d
100 _aPANDEY, P.C.
245 0 _aModern Machining Processes
260 _aN. Delhi
_bTMH
_c2012
300 _a168
650 _aB.Tech(ME)
942 _2ddc
_cBK
999 _c6415
_d6415